| 000 | 00444nam a2200169Ia 4500 | ||
|---|---|---|---|
| 003 | GCL | ||
| 008 | 140319s9999 xx 000 0 ara d | ||
| 040 |
_aGCL / _cGCL |
||
| 082 | 0 | 4 |
_a891.4 _bط ش |
| 245 | 1 | 0 | _aشيترا |
| 300 | _a55 ص | ||
| 490 |
_aكتاب _v0 |
||
| 650 | 0 | 4 | _aالادب العالمى المترجم |
| 650 | 0 | 4 | _aالادب الهندى المترجم |
| 650 | 0 | 4 | _aالمسرحيات الهندية |
| 942 |
_2ddc _cBK |
||
| 999 |
_c43038 _d43038 |
||